Discursos presidenciales / (Record no. 15771)
[ view plain ]
| 000 -CABECERA | |
|---|---|
| campo de control de longitud fija | 00955nam a2200265 a 4500 |
| 001 - NÚMERO DE CONTROL | |
| campo de control | 000016233 |
| 005 - FECHA Y HORA DE LA ÚLTIMA TRANSACCIÓN | |
| campo de control | 20250621074006.0 |
| 008 - DATOS DE LONGITUD FIJA--INFORMACIÓN GENERAL | |
| campo de control de longitud fija | 100301s1983 dr 001 0 spa d |
| 040 ## - FUENTE DE LA CATALOGACIÓN | |
| Centro catalogador/agencia de origen | DO-SdBNP |
| Lengua de catalogación | spa |
| Centro/agencia transcriptor | BNPHU |
| 082 ## - NÚMERO DE LA CLASIFICACIÓN DECIMAL DEWEY | |
| Número de clasificación | 320.404 |
| Número de documento/Ítem | J826d |
| 049 ## - FONDOS LOCALES (OCLC) | |
| Fondos de biblioteca | BNPD |
| 100 1# - ENTRADA PRINCIPAL--NOMBRE DE PERSONA | |
| Nombre de persona | Jorge Blanco, Salvador, |
| Fechas asociadas al nombre | 1926-2010 |
| 9 (RLIN) | 30551 |
| 245 10 - MENCIÓN DE TÍTULO | |
| Título | Discursos presidenciales / |
| Mención de responsabilidad, etc. | Salvador Jorge Blanco ; prólogo Ramón Alburquerque Ramírez. |
| 260 ## - PUBLICACIÓN, DISTRIBUCIÓN, ETC. | |
| Lugar de publicación, distribución, etc. | Santo Domingo : |
| Nombre del editor, distribuidor, etc. | ONAP, |
| Fecha de publicación, distribución, etc. | 1983. |
| 300 ## - DESCRIPCIÓN FÍSICA | |
| Extensión | v. ; |
| Dimensiones | 22 cm. |
| 490 1# - MENCIÓN DE SERIE | |
| Mención de serie | Estudios políticos |
| Designación de volumen o secuencia | no. 2 |
| 490 1# - MENCIÓN DE SERIE | |
| Mención de serie | ONAP |
| 500 ## - NOTA GENERAL | |
| Nota general | Incluye datos biográficos del autor en la solapa |
| 500 ## - NOTA GENERAL | |
| Nota general | La biblioteca posee el v. 1-4 |
| 600 10 - PUNTO DE ACCESO ADICIONAL DE MATERIA--NOMBRE DE PERSONA | |
| Nombre de persona | Jorge Blanco, Salvador, |
| Fechas asociadas al nombre | 1926-2000 |
| Subdivisión de forma | Ensayos, conferencias, etc. |
| 9 (RLIN) | 45829 |
| 651 #0 - PUNTO DE ACCESO ADICIONAL DE MATERIA--NOMBRE GEOGRÁFICO | |
| Nombre geográfico | República Dominicana |
| Subdivisión general | Política y gobierno |
| 9 (RLIN) | 45 |
| 700 1# - PUNTO DE ACCESO ADICIONAL--NOMBRE DE PERSONA | |
| Nombre de persona | Alburquerque Ramírez, Ramón |
| Término indicativo de función/relación | pról. |
| 9 (RLIN) | 36283 |
| 830 #0 - PUNTO DE ACCESO ADICIONAL DE SERIE-TÍTULO UNIFORME | |
| Título uniforme | Estudios políticos |
| Designación de volumen o secuencia | no. 2 |
| 9 (RLIN) | 36284 |
| 830 ## - PUNTO DE ACCESO ADICIONAL DE SERIE-TÍTULO UNIFORME | |
| Título uniforme | ONAP |
| 9 (RLIN) | 10860 |
| Estado de retiro | Estado de pérdida | No para préstamo | Código de colección | Localización permanente | Ubicación/localización actual | Ubicación en estantería | Fecha de adquisición | Número de inventario | Total de préstamos | Signatura topográfica completa | Código de barras | Fecha visto por última vez | Precio válido a partir de | Tipo de ítem Koha |
|---|---|---|---|---|---|---|---|---|---|---|---|---|---|---|
| Excluido de préstamo | Patrimonio Dominicano | Patrimonio Dominicano | Patrimonio Dominicano | En catalogación | 01.03.2010 | LF1 | v. 1 | 16233-10 | 25.06.2020 | 25.06.2020 | Libro y Folleto Colección Patrimonio Dominicano | |||
| Excluido de préstamo | Patrimonio Dominicano | Patrimonio Dominicano | Patrimonio Dominicano | En catalogación | 01.03.2010 | LF1 | v. 3 | 16233-20 | 25.06.2020 | 25.06.2020 | Libro y Folleto Colección Patrimonio Dominicano | |||
| Excluido de préstamo | Patrimonio Dominicano | Patrimonio Dominicano | Patrimonio Dominicano | En catalogación | 21.04.2010 | LF1 | v. 4 | 16233-30 | 25.06.2020 | 25.06.2020 | Libro y Folleto Colección Patrimonio Dominicano | |||
| Excluido de préstamo | Patrimonio Dominicano | Patrimonio Dominicano | Patrimonio Dominicano | En catalogación | 21.04.2010 | LF1 | v. 3, e.,2 | 16233-40 | 25.06.2020 | 25.06.2020 | Libro y Folleto Colección Patrimonio Dominicano | |||
| Excluido de préstamo | Patrimonio Dominicano | Patrimonio Dominicano | Patrimonio Dominicano | En catalogación | 07.07.2010 | LF1 | v. 2 | 16233-50 | 25.06.2020 | 25.06.2020 | Libro y Folleto Colección Patrimonio Dominicano |
